[Event "22nd Alekhine FIDE 2018"]
[Site "Voronezh"]
[Date "2018.06.15"]
[Round "4"]
[White "Peschansky, Mikhail"]
[Black "Napalkov, Vladimir"]
[Result "1/2-1/2"]
[WhiteElo "2137"]
[BlackElo "2005"]
[Annotator "TA"]
[PlyCount "80"]
[EventDate "2018.??.??"]
[EventType "swiss"]
[EventCountry "RUS"]
[SourceTitle "playchess.com"]
[Source "ChessBase"]
[SourceQuality "1"]

{[%evp 10,80,-2,-12,-2,-17,-7,-18,0,-12,0,0,0,-43,16,0,14,11,31,34,47,46,46,-8,52,39,101,48,45,35,105,-61,-61,-61,-49,-156,-43,-43,-37,-43,-43,-41,-48,-43,-41,-61,-54,-67,-66,-66,-63,-54,-33,-33,-31,-33,-15,-54,-27,-42,-18,-18,0,-42,0,-20,0,-33,0,-21,0,-29,0]} 1. b3 d5 2. Bb2 c5 3. e3 e6 4. f4 Nf6 5. Nf3 Bd6 6. Bb5+ Nbd7 {A03: Bird's Opening with 1...d5} (6... Bd7 7. Bxd7+ Nbxd7 8. c4 O-O 9. O-O Re8 10. Nc3 dxc4 11. bxc4 e5 12. Nb5 Bb8 13. fxe5 Nxe5 14. Nxe5 Bxe5 {½-½ (57) Fernandez,D (2485)-Mihajlov,S (2383) Budapest 2018}) 7. O-O O-O 8. Ne5 Qc7 {[%cal Rd7e5] The position is equal.} 9. d4 cxd4 10. exd4 Ne4 11. Bd3 $146 ({Predecessor:} 11. Nd2 Ndf6 12. c4 Nxd2 13. Qxd2 Ne4 {0-1 (74) Tappenbeck-Domke,S Sueder 1996}) 11... f5 (11... f6 $15 12. Nxd7 Bxd7) 12. Nd2 Ndf6 13. c4 {[%cal Bc2c4,Bc4c5][%mdl 32]} a5 14. Rc1 $36 {[%mdl 2048] White has some pressure.} Qe7 15. c5 Bxe5 16. dxe5 (16. fxe5 $14 Ng4 17. Qe1) 16... Ng4 ({Black should play} 16... Nd7 $1 $11) 17. Bd4 Bd7 {[#]} (17... Nh6 $14) 18. Nxe4 (18. Bxe4 $1 $16 dxe4 19. h3) 18... dxe4 19. Bxe4 Rad8 (19... Qh4 $14 20. h3 fxe4) 20. Qf3 $2 (20. Bxb7 $16 Bb5 21. c6 Bxf1 22. c7 (22. Kxf1 Qb4 $19)) 20... Bb5 $15 21. Rfd1 $1 Nxh2 $1 22. Kxh2 (22. Qh5 $15) 22... fxe4 ({Black should try} 22... Qh4+ $17 23. Qh3 Qxf4+ 24. Qg3 Qxe4) 23. Qg4 Rd5 24. Be3 Rfd8 {[%cal Bf8d8,Bd8d5,Bd5d3][%mdl 32]} 25. Rxd5 Rxd5 26. Rd1 Rd3 27. Re1 Bc6 28. Bf2 h6 29. Re3 Qd7 30. Rh3 Rxh3+ (30... a4 {with more complications.} 31. bxa4 Kh7 32. Qh5 Bxa4 33. Qe2 Bc6) 31. Qxh3 Qd5 32. Be3 Kh7 33. Qg3 Qd1 34. Qf2 Qh5+ 35. Kg1 Qd1+ 36. Kh2 Qh5+ 37. Kg1 Qd1+ 38. Kh2 Qh5+ 39. Kg1 Qd1+ 40. Kh2 Qh5+ {Precision: White = 43%, Black = 32%.} 1/2-1/2

[Event "22nd Alekhine FIDE 2018"]
[Site "Voronezh"]
[Date "2018.06.15"]
[Round "4"]
[White "Kolomensky, Vladimir"]
[Black "Koptev, Ruslan"]
[Result "1-0"]
[WhiteElo "2120"]
[BlackElo "1859"]
[Annotator "TA"]
[PlyCount "89"]
[EventDate "2018.??.??"]
[EventType "swiss"]
[EventCountry "RUS"]
[SourceTitle "playchess.com"]
[Source "ChessBase"]
[SourceQuality "1"]

{[%evp 29,89,9,6,10,28,32,50,53,63,54,60,68,57,37,56,47,81,54,53,37,41,31,58,62,84,94,88,70,91,62,122,74,114,112,116,118,253,0,0,0,463,454,2034,210,186,186,537,537,530,523,617,505,733,699,725,709,614,0,29990,29991,29991,29992]} 1. e4 c5 2. Nf3 d6 3. d4 cxd4 4. Nxd4 Nf6 5. Nc3 g6 6. Be2 Bg7 7. O-O O-O 8. Bg5 Nc6 9. Nb3 Be6 10. Re1 Rc8 11. Bf1 Re8 12. Nd5 Bxd5 13. exd5 Ne5 14. c3 {B70: Sicilian Dragon: 6 g3 and 6 Be2 (without a later Be3)} Nc4 15. Bxc4 Rxc4 {LiveBook: 3 Games} 16. Qd3 {The position is equal.} Qc8 17. Re2 e6 $146 ({Predecessor:} 17... Ra4 18. h3 Qc4 19. Qxc4 Rxc4 {0-1 (36) Arzumanian,G (2326)-Zubarev,A (2476) Alushta 2000}) 18. dxe6 Rxe6 19. Rae1 Rxe2 20. Rxe2 Rc6 21. Bf4 Qg4 22. g3 h5 23. f3 Qd7 24. Rd2 {[%cal Rf4d6]} d5 25. Kg2 a6 26. Be5 $36 {[%mdl 2048] White is pushing.} Bf8 27. Nd4 {[%cal Bb3d4,Bd4e2,Be2f4][%mdl 32]} Rb6 28. Ne2 Bh6 29. Bf4 Bf8 (29... Bg7 $14) 30. Bg5 Bc5 31. b4 Be7 32. Nf4 {Bxf6 is the strong threat.} d4 {[#]} (32... Rd6 $16 33. Bxf6 Bxf6) 33. a3 $2 ({White has to play} 33. Nxg6 $1 $18 {[%mdl 512]} Rd6 (33... fxg6 34. Qxg6+) 34. Nxe7+ (34. cxd4 fxg6 35. Qxg6+ Kh8 $16) 34... Qxe7 35. cxd4) 33... dxc3 $11 34. Qxc3 Qc6 $2 {[%mdl 8192]} (34... Rd6 $1 $11 {and Black has nothing to worry.} 35. Rxd6 Qxd6) 35. Qe3 $18 Rb5 (35... Qc7 $142 36. Bxf6 Rxf6) 36. h4 $2 (36. Qxe7 Kg7 37. Rd6 Qc2+ 38. Ne2) 36... Bf8 37. Rd8 Nd5 $2 (37... Nh7 38. Bh6 Qf6) 38. Qd4 {Rxf8+! would kill now.} Nxf4+ 39. Bxf4 Qc2+ 40. Kh3 {Intending Qd6 and mate.} Qf5+ 41. g4 hxg4+ 42. fxg4 Qe6 43. Bd2 $2 (43. Bh6 $18 {[%csl Gh6][%cal Rd4g7]} Qb3+ 44. Kg2 Qa2+ 45. Qf2 Qxf2+ 46. Kxf2) 43... Qb3+ $2 {[%mdl 8192] [#]} (43... Re5 $11) 44. Bc3 {[%csl Gc3][%cal Rd4h8]} f6 45. Qxf6 {Precision: White = 61%, Black = 25%.} 1-0

[Event "22nd Alekhine FIDE 2018"]
[Site "Voronezh"]
[Date "2018.06.15"]
[Round "4"]
[White "Popelyshev, Igor V"]
[Black "Pingin, Artem"]
[Result "0-1"]
[WhiteElo "2095"]
[BlackElo "1967"]
[Annotator "NA"]
[PlyCount "71"]
[EventDate "2018.??.??"]
[EventType "swiss"]
[EventCountry "RUS"]
[SourceTitle "playchess.com"]
[Source "ChessBase"]
[SourceQuality "1"]
[TimeControl "5400+30"]

{[%evp 8,71,3,0,12,-8,-5,-7,10,-11,14,0,20,13,27,6,16,-22,-14,-59,-64,-60,-5,-52,-23,-46,0,-44,0,-52,-29,-27,32767,32767,32767,32767,32767,32767,32767,32767,32767,32767,32767,32767,32767,32767,-360,-503,-583,-609,32767,32767,32767,32767,-805,-815,-647,-657,-723,32767,32767,32767,32767,-881,-606,-806]} 1. e4 {[%emt 0:03:40]} c5 {[%emt 0:00:02]} 2. Na3 {[%emt 0:00:12]} e6 {[%emt 0:00:15]} 3. f4 {[%emt 0:01:29]} Nf6 {[%emt 0:02:55]} 4. d3 {[%emt 0:03:33]} Nc6 {[%emt 0:00:48]} 5. Nf3 {[%emt 0:00:18]} Be7 {[%emt 0:00:16]} 6. g3 {[%emt 0:02:12]} d5 {[%emt 0:04:41]} 7. e5 {[%emt 0:02:24]} Nd7 {[%emt 0:00:23]} 8. c4 {[%emt 0:01:47]} Nb6 {[%emt 0:01:38]} 9. Bg2 {[%emt 0:03:22]} O-O {[%emt 0:00:54]} 10. O-O {[%emt 0:00:43]} f6 {[%emt 0:05:30]} 11. Qe2 {[%emt 0:01:46]} fxe5 {[%emt 0:08:05]} 12. fxe5 {[%emt 0:02:30]} Bd7 {[%emt 0:03:13]} 13. Nc2 {[%emt 0:06:24]} Be8 {[%emt 0:02:26]} 14. Bh3 {[%emt 0:00:57]} Bf7 {[%emt 0:00:30]} ({Black should try} 14... Qd7 $15) 15. Be3 {[%emt 0:09:31]} h6 {[%emt 0:03:36]} 16. Rf2 {[%emt 0:06:49]} Qc7 {[%emt 0:00:49]} 17. Bd2 {[%emt 0:17:23]} Rae8 {[%emt 0:03:04]} 18. b3 {[%emt 0:03:16]} Bd8 {[%emt 0:06:36]} 19. Raf1 {[%emt 0:04:02]} dxc4 {[%emt 0:02:41]} 20. dxc4 {[%emt 0:02:12]} Bg6 {[%emt 0:00:29]} 21. Bf4 {[%emt 0:04:00]} Nd7 {[%emt 0:00:58]} 22. Re1 {[%emt 0:03:34]} Bh7 {[%emt 0:04:55]} 23. Bg4 {[%emt 0:04:18]} g5 {[%emt 0:01:37]} 24. Bh5 {[%emt 0:05:55]} gxf4 {[%emt 0:01:00]} 25. gxf4 {[%emt 0:01:10]} Re7 {[%emt 0:00:30]} 26. Rg2+ {[%emt 0:01:45]} Kh8 {[%emt 0:00:31]} 27. Ne3 {[%emt 0:01:18]} (27. Rf1 $142) 27... Nd4 {[%emt 0:02:47]} 28. Nxd4 {[%emt 0:03:03]} cxd4 {[%emt 0:00:01]} 29. Ng4 {[%emt 0:00:15]} Nc5 {[%emt 0:00:35]} 30. Nxh6 {[%emt 0:00:25]} Rg7 {[%emt 0:00:47]} 31. f5 {[%emt 0:01:14]} Rxg2+ {[%emt 0:00:33]} 32. Qxg2 {[%emt 0:00:15]} Qg7 {[%emt 0:00:11]} 33. Nf7+ {[%emt 0:00:56]} Rxf7 {[%emt 0:00:22]} 34. Bxf7 {[%emt 0:00:09]} Qxf7 {[%emt 0:00:14]} 35. fxe6 {[%emt 0:00:58]} Qg7 {[%emt 0:00:43]} 36. Rf1 $19 0-1

[Event "22nd Alekhine FIDE 2018"]
[Site "Voronezh"]
[Date "2018.06.15"]
[Round "4"]
[White "Ioffe, Evgeny"]
[Black "Kulpin, Dmitriy"]
[Result "1/2-1/2"]
[WhiteElo "2079"]
[BlackElo "1954"]
[Annotator "NA"]
[PlyCount "136"]
[EventDate "2018.??.??"]
[EventType "swiss"]
[EventCountry "RUS"]
[SourceTitle "playchess.com"]
[Source "ChessBase"]
[SourceQuality "1"]
[TimeControl "5400+30"]

{[%evp 9,136,-4,14,6,7,3,10,3,0,1,14,0,1,0,0,-10,-3,-32,-24,-22,-17,-15,-25,-24,-23,-31,-19,-25,-29,-39,-20,-43,-31,-32,-24,-22,-19,-14,32767,32767,32767,32767,32767,32767,32767,32767,32767,32767,32767,32767,28,23,39,25,16,30,40,41,32,34,38,33,75,79,89,109,32767,32767,32767,32767,32767,32767,32767,32767,32767,32767,32767,32767,32767,32767,32767,32767,32767,32767,32767,32767,44,51,32767,32767,32767,32767,32767,32767,32767,32767,32767,32767,249,414,361,32767,32767,32767,32767,32767,32767,32767,32767,32767,258,12843,5218,12060,12849,29971,29973,0,0,32767,0,0,0,0,0,0,0,-8,0]} 1. e4 {[%emt 0:00:00]} c5 {[%emt 0:00:04]} 2. c3 {[%emt 0:00:00]} Nf6 {[%emt 0:00:02]} 3. e5 {[%emt 0:00:06]} Nd5 {[%emt 0:00:03]} 4. d4 {[%emt 0:00:08]} cxd4 {[%emt 0:00:03]} 5. cxd4 {[%emt 0:00:12]} e6 {[%emt 0:00:05]} 6. Nf3 {[%emt 0:00:55]} d6 {[%emt 0:00:07]} 7. a3 {[%emt 0:01:35]} Bd7 {[%emt 0:00:09]} 8. Bd3 {[%emt 0:00:47]} Bc6 {[%emt 0:00:36] LiveBook: 377 Games B22: Sizilianisch (Alapin 2.c3)} 9. O-O {[%emt 0:00:41]} Be7 {[%emt 0:00:44]} (9... Nd7 10. Qe2 Be7 11. exd6 Bxd6 12. Nc3 O-O 13. Ne4 Bf4 14. Be3 N7f6 15. Neg5 h6 16. Nh3 Qd6 17. Qd2 Nh5 18. Rae1 Qc7 {½-½ (74) Harikrishna,P (2744)-Artemiev,V (2691) Huaian 2017}) 10. Nc3 {[%emt 0:03:48]} Nd7 {[%emt 0:02:34]} 11. exd6 $146 {[%emt 0:09:41]} ({Vorgänger:} 11. Re1 O-O 12. Ne4 dxe5 13. dxe5 Qc7 14. Nd6 h6 15. Nc4 {½-½ (31) Fortunato,A (1699)-Oliveira,M (1954) Coimbra 2014}) 11... Bxd6 {[%emt 0:00:32]} 12. Ne4 {[%emt 0:00:29]} Be7 {[%emt 0:02:55]} 13. Bg5 {[%emt 0:06:56]} O-O {[%emt 0:05:28]} 14. Re1 {[%emt 0:02:10]} Rc8 {[%emt 0:03:11]} 15. Qd2 {[%emt 0:04:21]} Bxg5 {[%emt 0:03:25]} 16. Nexg5 {[%emt 0:01:14]} h6 {[%emt 0:01:07]} 17. Ne4 {[%emt 0:01:00]} Qc7 {[%emt 0:06:16]} 18. Rac1 {[%emt 0:02:49]} Qf4 {[%emt 0:02:46]} 19. Qe2 {[%emt 0:05:53]} Rfd8 {[%emt 0:03:57]} 20. h3 {[%emt 0:03:39]} N5f6 {[%emt 0:09:53]} 21. g3 {[%emt 0:12:49]} Qb8 {[%emt 0:02:38]} 22. Nc3 {[%emt 0:01:59]} Qd6 {[%emt 0:05:10]} 23. Red1 {[%emt 0:01:32]} Nd5 {[%emt 0:09:05]} 24. Ne4 {[%emt 0:02:34]} Qb8 {[%emt 0:01:00]} 25. Nc5 {[%emt 0:01:26]} Nxc5 {[%emt 0:08:26]} 26. dxc5 {[%emt 0:00:19]} Nf6 {[%emt 0:02:02]} 27. Ne5 {[%emt 0:02:03]} Bd5 {[%emt 0:01:03]} 28. b4 {[%emt 0:01:22]} Bb3 {[%emt 0:12:06]} 29. Re1 {[%emt 0:00:25]} Bd5 {[%emt 0:03:07]} 30. Qe3 {[%emt 0:11:06]} Qc7 {[%emt 0:03:04]} 31. Nc4 {[%emt 0:00:46]} Bxc4 {[%emt 0:03:36]} 32. Bxc4 {[%emt 0:00:10]} a5 {[%emt 0:00:48]} 33. Bf1 {[%emt 0:02:16]} Nd5 {[%emt 0:00:31]} 34. Qb3 {[%emt 0:00:19]} axb4 {[%emt 0:00:29]} 35. axb4 {[%emt 0:00:10]} Qe7 {[%emt 0:02:19]} 36. Bg2 {[%emt 0:00:32]} Rc7 {[%emt 0:01:06]} 37. Rcd1 {[%emt 0:01:28]} Qd7 {[%emt 0:02:38]} 38. Re5 {[%emt 0:03:15]} Qb5 {[%emt 0:00:59]} 39. Bf1 {[%emt 0:02:05]} Qc6 {[%emt 0:01:17]} 40. Bg2 {[%emt 0:00:50]} Rcd7 {[%emt 0:01:09]} 41. Kh2 {[%emt 0:01:15]} b6 {[%emt 0:01:55]} 42. Rc1 {[%emt 0:03:02]} bxc5 {[%emt 0:01:00]} 43. Rxc5 {[%emt 0:00:09]} Qb6 {[%emt 0:00:36]} 44. Re4 {[%emt 0:02:36]} Rb8 {[%emt 0:01:37]} 45. Rec4 {[%emt 0:02:26]} g6 {[%emt 0:00:19]} 46. b5 {[%emt 0:01:05]} Rc7 {[%emt 0:00:45]} 47. Qc2 {[%emt 0:02:09]} Rxc5 {[%emt 0:00:37]} 48. Rxc5 {[%emt 0:00:02]} Kh7 {[%emt 0:00:31]} 49. Bxd5 {[%emt 0:00:35]} exd5 {[%emt 0:00:04]} 50. Rxd5 {[%emt 0:00:13]} Rc8 {[%emt 0:00:28]} 51. Qd2 {[%emt 0:00:53]} Rc5 {[%emt 0:00:38]} 52. Rxc5 {[%emt 0:00:46]} Qxc5 {[%emt 0:00:03]} 53. Qb2 {[%emt 0:00:13]} Qb6 {[%emt 0:00:14]} 54. Kg1 {[%emt 0:00:18]} h5 {[%emt 0:00:11]} 55. h4 {[%emt 0:00:10]} Kg8 {[%emt 0:00:25]} 56. Qb4 {[%emt 0:00:20]} Kg7 {[%emt 0:00:59]} 57. Qc4 {[%emt 0:00:13]} Kf8 {[%emt 0:00:17]} 58. Qd5 {[%emt 0:00:24]} Ke7 {[%emt 0:00:29]} 59. Kg2 {[%emt 0:00:12]} Ke8 {[%emt 0:01:27]} 60. Qc6+ {[%emt 0:02:26]} Qxc6+ {[%emt 0:00:04]} 61. bxc6 {[%emt 0:00:11]} Ke7 {[%emt 0:00:05]} 62. Kf3 {[%emt 0:00:13]} Kd6 {[%emt 0:00:11] [#]} 63. Kf4 $2 {[%emt 0:00:14]} (63. Ke4 $1 {setzt Matt} Kxc6 64. Ke5 Kd7 65. Kf6 Ke8 66. f4 Kf8 67. f5 gxf5 68. Kxf5) 63... f6 $1 {[%emt 0:00:16]} 64. f3 {[%emt 0:03:36]} Kxc6 {[%emt 0:00:08]} 65. g4 {[%emt 0:00:07]} hxg4 {[%emt 0:00:17]} 66. fxg4 {[%emt 0:00:11]} Kd6 {[%emt 0:00:17]} 67. h5 {[%emt 0:03:26]} gxh5 {[%emt 0:00:06]} 68. g5 $11 {[#]} f5 $1 1/2-1/2

[Event "22nd Alekhine FIDE 2018"]
[Site "Voronezh"]
[Date "2018.06.15"]
[Round "4"]
[White "Bobkov, Vadim"]
[Black "Kutyanina, Mariya"]
[Result "1-0"]
[WhiteElo "2058"]
[BlackElo "2021"]
[Annotator "NA RC"]
[PlyCount "59"]
[EventDate "2018.??.??"]
[EventType "swiss"]
[EventCountry "RUS"]
[SourceTitle "playchess.com"]
[Source "ChessBase"]
[SourceQuality "1"]
[TimeControl "5400+30"]

{[%evp 8,59,14,18,27,15,16,13,17,1,26,14,12,18,20,-7,43,32,102,60,99,102,80,102,102,59,190,47,464,32767,32767,32767,32767,32767,32767,32767,32767,32767,32767,32767,32767,32767,32767,32767,32767,1390,2088,-106,32767,32767,29997,29998,29998,29999]} 1. d4 {[%emt 0:00:00]} d5 {[%emt 0:00:09]} 2. c4 {[%emt 0:00:00]} e6 {[%emt 0:00:14]} 3. Nc3 {[%emt 0:00:00]} Nf6 {[%emt 0:00:14]} 4. cxd5 {[%emt 0:00:00]} exd5 {[%emt 0:00:08]} 5. Bg5 {[%emt 0:00:00]} Be7 {[%emt 0:00:19]} 6. e3 {[%emt 0:00:00]} h6 {[%emt 0:00:11]} 7. Bh4 {[%emt 0:00:00]} c6 {[%emt 0:00:14]} 8. Bd3 {[%emt 0:00:04]} Nbd7 {[%emt 0:00:08]} 9. Nge2 {[%emt 0:00:25]} O-O {[%emt 0:00:21]} 10. Qc2 {[%emt 0:04:58]} Re8 {[%emt 0:03:02]} 11. f3 {[%emt 0:02:46] LiveBook: 73 Games} Qb6 {[%emt 0:10:23] D36: Queen's Gambit Declined: Exchange Variation: Main line (5 Bg5 c6 6 Qc2)} (11... c5 12. O-O a6 13. Rad1 c4 14. Bf5 b5 15. a3 Nb6 16. Bxc8 Rxc8 17. e4 dxe4 18. Bxf6 Bxf6 19. fxe4 Be7 20. e5 {½-½ (33) Bulski,K (2533)-Bokros,A (2482) Slovakia 2016}) 12. O-O {[%emt 0:05:30]} Ng4 {[%emt 0:08:16]} (12... Nf8 $11) 13. Bh7+ {[%emt 0:07:35]} ({Bitte nicht} 13. fxg4 Bxh4 14. Qd2 (14. Bh7+ Kf8 $17) 14... Nf6 $15) 13... Kh8 {[%emt 0:00:20]} 14. fxg4 {[%emt 0:00:09]} Bxh4 {[%emt 0:00:19]} 15. Rxf7 {[%emt 0:00:04]} Nf8 $146 {[%emt 0:07:39]} 16. Nf4 $1 {[%emt 0:16:31]} Bf6 {[%emt 0:09:46]} (16... Nxh7 $16 {was necessary.} 17. Ng6+ Kg8 18. Nxh4 Be6) 17. g5 {[%emt 0:18:39]} (17. Rxf6 $18 gxf6 18. Ng6+ Kg7 19. Nxf8) 17... Bxg5 $2 {[%emt 0:13:56]} (17... hxg5 $14 18. Ng6+ (18. Na4 Qd8 $11) 18... Nxg6 19. Bxg6 Qd8) 18. Rxf8+ {[%emt 0:13:57]} Rxf8 {[%emt 0:00:15]} 19. Ng6+ {[%emt 0:00:01]} Kxh7 {[%emt 0:00:17]} 20. Nxf8+ {[%emt 0:00:02]} Kg8 {[%emt 0:00:21]} 21. Rf1 {[%emt 0:00:05]} Bf6 {[%emt 0:00:36]} 22. Nh7 {[%emt 0:00:59]} Be7 {[%emt 0:02:24]} 23. Qg6 {[%emt 0:00:07]} c5 {[%emt 0:01:15]} 24. Nf6+ {[%emt 0:04:26]} Bxf6 {[%emt 0:07:00]} 25. Nxd5 {[%emt 0:00:24]} Qe6 {[%emt 0:05:19]} 26. Rxf6 {[%emt 0:04:16]} Qxd5 {[%emt 0:01:01]} 27. Qe8+ {[%emt 0:00:41]} Kh7 {[%emt 0:00:36]} 28. Rf8 {[%emt 0:00:10]} g5 {[%emt 0:03:53]} 29. Rh8+ {[%emt 0:00:08]} Kg7 {[%emt 0:00:13]} 30. Qf8+ {[%emt 0:00:04]} 1-0

[Event "22nd Alekhine FIDE 2018"]
[Site "Voronezh"]
[Date "2018.06.15"]
[Round "4"]
[White "Martyntsev, Roman"]
[Black "Artemov, Nikita"]
[Result "0-1"]
[WhiteElo "2035"]
[BlackElo "1970"]
[Annotator "NA RC"]
[PlyCount "44"]
[EventDate "2018.??.??"]
[EventType "swiss"]
[EventCountry "RUS"]
[SourceTitle "playchess.com"]
[Source "ChessBase"]
[SourceQuality "1"]
[TimeControl "5400+30"]

{[%evp 8,42,29,32767,32767,32767,32767,32767,15,0,23,1,73,76,68,64,88,54,83,83,65,32767,32767,32767,32767,32767,32767,-501,-472,-480,-529,-527,-558,32767,-650,-615,-738]} 1. e4 {[%emt 0:00:00]} c5 {[%emt 0:07:55]} 2. Nf3 {[%emt 0:00:00]} d6 {[%emt 0:00:06]} 3. d4 {[%emt 0:00:04]} cxd4 {[%emt 0:00:05]} 4. Nxd4 {[%emt 0:00:03]} Nf6 {[%emt 0:00:05]} 5. Nc3 {[%emt 0:00:09]} Nc6 {[%emt 0:00:05]} 6. Bg5 {[%emt 0:02:46]} Bd7 {[%emt 0:00:06]} 7. f4 {[%emt 0:01:39]} Qb6 {[%emt 0:05:27] B60: Sicilian: Richter-Rauzer: Unusual Black 6th moves and 6...Bd7 without 7 Qd2} 8. Nb3 {[%emt 0:14:05]} (8. Bxf6 $5 gxf6 9. Nb3 $11) 8... Ng4 {[%emt 0:05:08] LiveBook: 7 Games} 9. Qe2 {[%emt 0:06:05]} h6 $146 {[%emt 0:15:26]} ({Predecessor:} 9... Nd4 $1 $11 10. Qd2 Nxb3 11. axb3 Qe3+ 12. Qxe3 Nxe3 13. Kd2 Nxf1+ 14. Rhxf1 h6 15. Bh4 {½-½ (54) Handke,F (2522)-Tomic,B (2453) Germany 2016}) 10. Nd5 {[%emt 0:02:57]} Qd8 {[%emt 0:00:06]} 11. Bh4 {[%emt 0:00:48]} g5 {[%emt 0:01:47]} 12. h3 {[%emt 0:21:43]} Bg7 {[%emt 0:18:51]} 13. hxg4 {[%emt 0:09:17]} ({Of course not} 13. fxg5 $6 hxg5 14. Bxg5 Bxb2 $11) 13... gxh4 {[%emt 0:00:07]} 14. O-O-O {[%emt 0:08:06]} a5 {[%emt 0:07:21]} 15. e5 {[%emt 0:06:16]} a4 {[%emt 0:08:49]} 16. Nf6+ {[%emt 0:06:19]} Bxf6 {[%emt 0:01:20]} 17. Nd2 {[%emt 0:05:57]} dxe5 {[%emt 0:06:25]} 18. Ne4 {[%emt 0:03:19]} Qb6 {[%emt 0:03:26]} 19. Nxf6+ {[%emt 0:05:41]} exf6 {[%emt 0:00:06]} 20. Rxh4 {[%emt 0:02:36]} a3 {[%emt 0:00:51]} 21. b3 {[%emt 0:00:21]} O-O-O $19 {[%emt 0:00:21]} 22. Qe4 {[%emt 0:01:17]} Qb4 {[%emt 0:01:36]} 0-1

[Event "22nd Alekhine FIDE 2018"]
[Site "Voronezh"]
[Date "2018.06.15"]
[Round "4"]
[White "Kitaev, Roman"]
[Black "Lebedev, Mikhail S."]
[Result "1-0"]
[WhiteElo "2031"]
[BlackElo "2103"]
[Annotator "TA"]
[PlyCount "146"]
[EventDate "2018.??.??"]
[EventType "swiss"]
[EventCountry "RUS"]
[SourceTitle "playchess.com"]
[Source "ChessBase"]
[SourceQuality "1"]

{[%evp 14,146,31,31,67,75,63,59,73,38,38,24,42,37,38,27,45,38,56,52,58,30,25,31,41,0,0,-108,0,0,0,0,61,47,77,12,17,24,14,18,42,0,0,0,0,0,0,0,0,0,0,0,0,0,0,0,0,0,0,0,0,0,0,0,0,0,0,0,0,0,0,0,0,0,0,0,0,0,0,0,0,0,0,0,0,0,0,0,0,0,0,0,0,0,0,0,0,-15,-15,-15,-15,-15,-15,-15,-15,-15,-15,-15,-15,-15,0,0,0,0,-4,-8,-8,-14,-16,-635,-627,-606,-600,-29967,-29970,-29967,-29970,-29964,-8,-29971,-29974,-29973,-29973,-29971,-5073]} 1. Nf3 Nf6 2. b3 g6 3. Bb2 Bg7 4. g3 d6 5. d4 O-O 6. Bg2 Nc6 7. Nbd2 {A49: Königsindisch (ohne c2-c4)} (7. O-O e5 8. dxe5 Nd7 9. Qc1 Ndxe5 10. Nxe5 Nxe5 11. c4 Re8 12. Nc3 Rb8 13. Qd2 a6 14. Rad1 Be6 15. f4 Ng4 16. h3 Nf6 17. e4 b5 18. f5 Bd7 19. g4 bxc4 20. fxg6 hxg6 {0-1 (58) Mamedov,R (2709)-McShane,L (2647) Batumi 2018}) 7... Bf5 8. O-O {LiveBook: 5 Partien} Ne4 9. Nh4 {Weiß steht etwas besser.} Nxd2 10. Qxd2 Bd7 $146 ({Vorgänger:} 10... Bg4 11. h3 Bd7 12. c4 e5 13. dxe5 Nxe5 14. f4 Nc6 15. Rad1 Bxb2 16. Qxb2 {0-1 (33) Hernando Rodrigo,J (2348)-Gual Pascual,A (2447) Catalunya 2014}) 11. e4 e5 {[%cal Rc6d4]} 12. Nf3 Bg4 13. d5 Ne7 14. h3 Bxf3 15. Bxf3 f5 16. c4 Qd7 17. Kh2 fxe4 18. Bxe4 Nf5 19. f4 Rae8 20. g4 (20. fxe5 $11 Bxe5 21. Bxf5 Rxf5 22. Rae1) 20... exf4 ({Besser ist} 20... Ne3 $17 21. f5 (21. Qxe3 exf4 22. Qd2 Rxe4 $17) 21... Bh6) 21. Bxf5 $1 $11 gxf5 22. Rxf4 Be5 (22... Re4 $11 23. Raf1 Rxf4 24. Rxf4 Be5) 23. Bxe5 $14 Rxe5 24. gxf5 (24. Rg1 $16) 24... Rfxf5 $11 25. Rg1+ Kh8 $1 26. Rfg4 {[%csl Gg1][%cal Rg4g8]} Rf8 27. Qh6 {[%cal Rh6f8]} Re2+ 28. R1g2 Rxg2+ 29. Rxg2 {[%cal Rh6f8][%mdl 4096] Endspiel KDT-KDT} Qf7 30. Qe3 Qf4+ 31. Qxf4 Rxf4 {KT-KT} 32. Kg3 Rf7 33. Re2 a5 34. a3 Kg7 35. b4 axb4 36. axb4 b6 37. Re4 Kg6 38. Kg4 Rg7 39. Rf4 Re7 40. h4 Re5 (40... h5+ {looks sharper.} 41. Kf3 Re1 42. Re4 Rf1+ 43. Kg3 Rg1+) 41. Kf3 b5 42. Rg4+ Kf7 43. Rf4+ Ke7 44. Rd4 bxc4 45. Rxc4 Kd8 46. Rd4 Kc8 47. Kg4 h5+ 48. Kf4 Kb7 49. Rd2 Kb6 50. Rd1 Ka6 51. Rc1 Kb6 52. Rd1 Kb5 53. Rc1 Rxd5 {Weiss muss nun ...c5 beachten.} 54. Rxc7 Kxb4 55. Rc1 (55. Rg7 {is interesting.} Rd4+ 56. Kg3 Rc4 57. Rh7 Rc5 58. Kf4) 55... Kb5 56. Rb1+ Kc6 57. Rg1 Re5 58. Rg5 Rc5 59. Rg6 Rb5 60. Rh6 Re5 61. Rf6 Kd5 62. Rg6 Kc5 63. Rg5 Kd4 64. Rg6 d5 {[%cal Bd6d5,Bd5d4][%mdl 32]} 65. Rd6 Re8 {zielt auf ...Tg8 ab.} 66. Rh6 $2 {[%mdl 8192]} (66. Rg6 $11) 66... Rf8+ $1 $19 67. Kg5 {[#]} Ke5 $1 {Und ...Tf5+ würde nun gewinnen.} 68. Kxh5 {[#]} Kf5 $1 69. Rh7 d4 70. Kh6 Rf6+ $2 (70... Rd8 {setzt Matt} 71. Kh5 Kf4 72. Rf7+ Kg3 73. Rg7+ Kh3 74. Rg5 d3 75. Ra5 d2 76. Ra3+ Kg2 77. Ra1 Kh3 78. Rh1+ Kg3 79. Rg1+ Kh3 80. Rh1+ Kg3 81. Rg1+ Kh3 82. Rh1+) 71. Kg7 $2 {[%mdl 8192]} (71. Kh5 $11) 71... Rd6 {Schwarz setzt Matt.} ({Nicht} 71... d3 72. Rh5+ Ke6 73. Ra5 $17) 72. Rh5+ Kg4 73. Ra5 Kxh4 {[%mdl 32768] Precision: Weiß = 57%, Schwarz = 67%. . Sensor Board Error (Ke4/e5)?} (73... d3 $142 74. Ra1 Kxh4 75. Kf8 Rd4 76. Rd1 d2 77. Kg7 Kg3 78. Kh6 Kf2 79. Kg6 Ke2 80. Rg1 d1=Q 81. Rxd1 Rxd1 82. Kf6 Ke3 83. Kf5 Rd5+ 84. Ke6 Ke4 85. Kf6 Re5 86. Kg6 Re6+ 87. Kg5 Rd6 88. Kg4 Rg6+ 89. Kh5 Kf5 90. Kh4 Rg8 91. Kh3 Kf4 92. Kh2 Kf3 93. Kh1 Kf2 94. Kh2 Rh8#) 1-0